|
|
|
|
| LEADER |
00000naa2a2200000 4500 |
| 001 |
183380 |
| 005 |
20251205155144.0 |
| 035 |
|
|
|a (RuTPU)RU\TPU\book\198791
|
| 090 |
|
|
|a 183380
|
| 100 |
|
|
|a 20100719d2004 k y0rusy50 ca
|
| 101 |
0 |
|
|a rus
|
| 102 |
|
|
|a RU
|
| 200 |
1 |
|
|a Исследование структуры локализованных экситонов в ионных кристаллах методом оптической спектроскопии
|f С. С. Вильчинская, В. И. Корепанов, А. Ю. Турутанова
|
| 320 |
|
|
|a Библиогр.: 4 назв.
|
| 461 |
|
1 |
|0 (RuTPU)RU\TPU\book\66154
|t Современные техника и технологии
|o X Юбилейная международная научно-практическая конференция студентов, аспирантов и молодых ученых, посвященная 400-летию г. Томска, Томск, 29 марта - 2 апреля 2004 г.
|o труды
|f Томский политехнический университет
|d 2004
|
| 463 |
|
0 |
|0 (RuTPU)RU\TPU\book\65883
|t Т. 2
|v С. 245-246
|d 2004
|
| 610 |
1 |
|
|a экситоны
|
| 610 |
1 |
|
|a структура
|
| 610 |
1 |
|
|a исследование
|
| 610 |
1 |
|
|a ионные кристаллы
|
| 610 |
1 |
|
|a оптическая спектроскопия
|
| 610 |
1 |
|
|a дефектность
|
| 610 |
1 |
|
|a спектры
|
| 610 |
1 |
|
|a температура
|
| 610 |
1 |
|
|a труды учёных ТПУ
|
| 700 |
|
1 |
|a Вильчинская
|b С. С.
|c специалист в области светотехники
|c доцент Томского политехнического университета, кандидат физико-математических наук
|f 1976-
|g Светлана Сергеевна
|3 (RuTPU)RU\TPU\pers\26560
|9 12249
|
| 701 |
|
1 |
|a Корепанов
|b В. И.
|c специалист в области светотехники
|c профессор Томского политехнического университета, доктор физико-математических наук
|f 1947-
|g Владимир Иванович
|3 (RuTPU)RU\TPU\pers\26561
|9 12250
|
| 701 |
|
1 |
|a Турутанова
|b А. Ю.
|
| 801 |
|
1 |
|a RU
|b 63413507
|c 20100719
|
| 801 |
|
2 |
|a RU
|b 63413507
|c 20140328
|g RCR
|
| 942 |
|
|
|c BK
|